Statistics for Premier League XIs 2012-13

Click here to take the quiz!

General Stats

  • This quiz has been taken 104 times
    (80 since last reset)
  • The average score is 77 of 220

Answer Stats

PositionAnswerClub% Correct
GKDavid de GeaManchester United
86%
STDemba BaNewcastle United
86%
GKJoe HartManchester City
86%
MFSteven GerrardLiverpool
86%
STWayne RooneyManchester United
86%
GKPetr CechChelsea
82%
STRobin van PersieManchester United
82%
STSergio AgueroManchester City
82%
DFAshley ColeChelsea
79%
MFEden HazardChelsea
79%
DFNemanja VidicManchester United
79%
DFPablo ZabaletaManchester City
79%
DFRio FerdinandManchester United
79%
DFVincent KompanyManchester City
79%
MFYaya ToureManchester City
79%
DFBranislav IvanovicChelsea
75%
MFDavid SilvaManchester City
75%
DFGael ClichyManchester City
75%
DFGary CahillChelsea
75%
GKHugo LlorisTottenham Hotspur
75%
STLuis SuarezLiverpool
75%
DFRafael Da SilvaManchester United
75%
GKTim HowardEverton
75%
STFernando TorresChelsea
71%
DFLeighton BainesEverton
71%
DFMartin SkrtelLiverpool
71%
DFPatrice EvraManchester United
71%
GKPepe ReinaLiverpool
71%
DFPer MertesackerArsenal
71%
STTheo WalcottArsenal
71%
GKWojciech SzczesnyArsenal
71%
MFGareth BaleTottenham Hotspur
68%
DFGlen JohnsonLiverpool
68%
DFJonny EvansManchester United
68%
MFOscarChelsea
68%
MFRaheem SterlingLiverpool
68%
MFRamiresChelsea
68%
MFAaron RamseyArsenal
64%
MFAdam JohnsonSunderland
64%
MFBradley JohnsonNorwich City
64%
MFClint DempseyTottenham Hotspur
64%
MFGareth BarryManchester City
64%
MFMichael CarrickManchester United
64%
DFBilly JonesWest Bromwich Albion
61%
DFKyle WalkerTottenham Hotspur
61%
MFMark NobleWest Ham United
61%
STMichuSwansea City
61%
STOlivier GiroudArsenal
61%
DFPhil JagielkaEverton
61%
MFSamir NasriManchester City
61%
GKTim KrulNewcastle United
61%
MFTom CleverleyManchester United
61%
MFLuis Antonio ValenciaManchester United
57%
MFMikel ArtetaArsenal
57%
STPapiss CisseNewcastle United
57%
STPeter CrouchStoke City
57%
DFSeamus ColemanEverton
57%
DFBacary SagnaArsenal
54%
GKBen FosterWest Bromwich Albion
54%
MFDavid LuizChelsea
54%
STJermain DefoeTottenham Hotspur
54%
MFJuan MataChelsea
54%
STCarlos TevezManchester City
50%
STDimitar BerbatovFulham
50%
STKevin MirallasEverton
50%
DFKieran GibbsArsenal
50%
MFMarouane FellainiEverton
50%
MFMoussa DembeleTottenham Hotspur
50%
GKSimon MignoletSunderland
50%
STSteven FletcherSunderland
50%
STAndy CarrollWest Ham United
46%
DFDanny RoseSunderland
46%
STEmmanuel AdebayorTottenham Hotspur
46%
DFJan VertonghenTottenham Hotspur
46%
DFJohn O'SheaSunderland
46%
DFJose BosingwaQueens Park Rangers
46%
MFLucas LeivaLiverpool
46%
MFSanti CazorlaArsenal
46%
MFStewart DowningLiverpool
46%
MFAdam LallanaSouthampton
43%
DFCesar AzpilicuetaChelsea
43%
MFCharlie AdamStoke City
43%
STChristian BentekeAston Villa
43%
DFDaniel AggerLiverpool
43%
MFAaron LennonTottenham Hotspur
39%
DFAshley WilliamsSwansea City
39%
GKAsmir BegovicStoke City
39%
MFGabriel AgbonlahorAston Villa
39%
MFJoe AllenLiverpool
39%
DFJose EnriqueLiverpool
39%
MFLeon OsmanEverton
39%
DFMichael DawsonTottenham Hotspur
39%
DFNathaniel ClyneSouthampton
39%
STRickie LambertSouthampton
39%
DFBen DaviesSwansea City
36%
DFFabricio ColocciniNewcastle United
36%
DFRyan ShawcrossStoke City
36%
DFThomas VermaelenArsenal
36%
MFAdel TaarabtQueens Park Rangers
32%
MFCheick TioteNewcastle United
32%
MFJames McCarthyWigan Athletic
32%
STJay RodriguezSouthampton
32%
STLukas PodolskiArsenal
32%
DFMatija NastasicManchester City
32%
GKBrad GuzanAston Villa
29%
MFFabian DelphAston Villa
29%
DFJames CollinsWest Ham United
29%
DFJose FonteSouthampton
29%
MFMorgan SchneiderlinSouthampton
29%
DFRussell MartinNorwich City
29%
DFWinston ReidWest Ham United
29%
GKAli Al HabsiWigan Athletic
25%
STArouna KoneWigan Athletic
25%
STBobby ZamoraQueens Park Rangers
25%
MFJames MorrisonWest Bromwich Albion
25%
DFJohn Arne RiiseFulham
25%
MFJonas GutierrezNewcastle United
25%
STJonathan WaltersStoke City
25%
GKJulio CesarQueens Park Rangers
25%
GKMark SchwarzerFulham
25%
MFNathan DyerSwansea City
25%
MFPablo HernandezSwansea City
25%
DFRobert HuthStoke City
25%
DFRon VlaarAston Villa
25%
STShane LongWest Bromwich Albion
25%
MFSteven PienaarEverton
25%
DFSylvain DistinEverton
25%
DFAngel RangelSwansea City
21%
DFArmand TraoreQueens Park Rangers
21%
DFClint HillQueens Park Rangers
21%
MFDamien DuffFulham
21%
DFJonas OlssonWest Bromwich Albion
21%
MFKevin NolanWest Ham United
21%
GKMichel VormSwansea City
21%
STStephane SessegnonSunderland
21%
MFSteven NzonziStoke City
21%
DFSteven TaylorNewcastle United
21%
MFWayne RoutledgeSwansea City
21%
MFWesley HoolahanNorwich City
21%
DFBrede HangelandFulham
18%
MFChris BruntWest Bromwich Albion
18%
DFCiaran ClarkAston Villa
18%
MFClaudio YacobWest Bromwich Albion
18%
STFranco Di SantoWigan Athletic
18%
MFJack ColbackSunderland
18%
MFJames McArthurWigan Athletic
18%
MFJonathan de GuzmanSwansea City
18%
DFMaya YoshidaSouthampton
18%
DFNicky ShoreyReading
18%
STNikica JelavicEverton
18%
MFSebastian LarssonSunderland
18%
MFYohan CabayeNewcastle United
18%
STAndreas WeimannAston Villa
14%
GKArtur BorucSouthampton
14%
MFAshley WestwoodAston Villa
14%
MFDarron GibsonEverton
14%
MFGlenn WhelanStoke City
14%
STGrant HoltNorwich City
14%
MFJack CorkSouthampton
14%
DFJames TomkinsWest Ham United
14%
MFJordi GomezWigan Athletic
14%
GKJussi JaaskelainenWest Ham United
14%
MFLeon BrittonSwansea City
14%
MFMikele LeigertwoodReading
14%
MFMohamed DiameWest Ham United
14%
STPavel PogrebnyakReading
14%
MFSandroTottenham Hotspur
14%
DFAaron HughesFulham
11%
GKAdam FedericiReading
11%
MFCraig GardnerSunderland
11%
MFDavid HoilettQueens Park Rangers
11%
DFGeoff CameronStoke City
11%
MFJason PuncheonSouthampton
11%
DFJoe BennettAston Villa
11%
DFJoey O'BrienWest Ham United
11%
DFMatthew LowtonAston Villa
11%
MFMatt JarvisWest Ham United
11%
DFMaynor FigueroaWigan Athletic
11%
DFRyan NelsenQueens Park Rangers
11%
DFRyan ShottonStoke City
11%
DFSebastien BassongNorwich City
11%
STShaun MaloneyWigan Athletic
11%
MFYoussouf MulumbuWest Bromwich Albion
11%
DFAdrian MariappaReading
7%
MFAnthony PilkingtonNorwich City
7%
MFBryan RuizFulham
7%
DFChico FloresSwansea City
7%
DFChris GunterReading
7%
MFDanny GuthrieReading
7%
DFDavide SantonNewcastle United
7%
MFEmmerson BoyceWigan Athletic
7%
DFGareth McAuleyWest Bromwich Albion
7%
DFGary CaldwellWigan Athletic
7%
DFGuy DemelWest Ham United
7%
MFJem KaracanReading
7%
MFJimmy KebeReading
7%
MFJobi McAnuffReading
7%
DFJos HooiveldSouthampton
7%
MFMatthew EtheringtonStoke City
7%
DFMike WilliamsonNewcastle United
7%
DFNathan BakerAston Villa
7%
DFPhilippe SenderosFulham
7%
MFRobert SnodgrassNorwich City
7%
MFSteven SidwellFulham
7%
DFAlex PearceReading
4%
DFCarlos CuellarSunderland
4%
MFEsteban GraneroQueens Park Rangers
4%
MFJames McCleanSunderland
4%
DFJavier GarridoNorwich City
4%
DFJean BeausejourWigan Athletic
4%
MFJonathan HowsonNorwich City
4%
DFLiam RidgewellWest Bromwich Albion
4%
DFSascha RietherFulham
4%
MFStephane MbiaQueens Park Rangers
4%
MFGeorgios KaragounisFulham
0%
MFGraeme DorransWest Bromwich Albion
0%
DFJames PerchNewcastle United
0%
STJamie MackieQueens Park Rangers
0%
GKMark BunnNorwich City
0%
DFMichael TurnerNorwich City
0%

Score Distribution

Percentile by Number Answered

Percent of People with Each Score

Your Score History

You have not taken this quiz since the last reset